00516nam a2200205Ia 450000500170000000800460001702000180006303700100008104000080009104000080009904000080010704100080011504100080012308400080013124500670013926000310020626000090023765000150024685600490026120260306150602.0008 260114s9999 xx 000 0 eng d a9781400823420 aEbook aCRL beng cCRL 2eng aeng qCRL 0aRevolutionary Politics and Locke's Two Treatises of Government bPrinceton University Press c1986 aPhilosophy uhttps://www.degruyter.com/isbn/9781400823420